Top 100 des plus grandes villes du Portugal - Statistiques

Statistiques générales
  • Ce quiz a été pris 265 fois
  • Le résultat moyen est 7 sur 100
Statistiques - réponses
Population Villes % Correct
545 142 Lisbonne
99%
231 800 Porto
99%
148 977 | 181 494 Braga
80%
64 560 Faro
68%
118 696 Setúbal
40%
22 794 Albufeira
27%
55 614 Portimão
24%
15 158 Nazaré
20%
105 701 Funchal
18%
171 454 Amadora
17%
206 479 Cascais
16%
56 109 Castelo Branco
12%
120 391 Barcelos
10%
43 498 Ponte de Lima
9%
101 501 Almada
8%
55 217 Pombal
8%
22 359 Arouca
7%
12 465 Mira
6%
205 054 Loures
5%
135 306 Maia
5%
139 312 Santa Maria da Feira
5%
51 797 Covilhã
4%
62 125 Figueira da Foz
4%
68 748 Ponta Delgada
4%
26 167 Tavira
4%
48 629 Amora
3%
168 027 Gondomar
3%
10 537 Montalegre
3%
51 222 Montijo
3%
144 549 Odivelas
3%
55 398 Ovar
3%
72 265 Penafiel
3%
12 061 Ponte da Barca
3%
50 713 Rio Tinto
3%
40 677 Tomar
3%
14 127 Valença
3%
51 729 Caldas da Rainha
2%
76 685 Mafra
2%
23 850 Mirandela
2%
45 932 Ourém
2%
56 340 Paços de Ferreira
2%
9 878 Trancoso
2%
39 325 Abrantes
1%
56 693 Alcobaça
1%
14 442 Lagoa
1%
26 691 Lamego
1%
47 387 Lousada
1%
21 886 Póvoa de Lanhoso
1%
37 126 Silves
1%
19 245 Soure
1%
79 465 Torres Vedras
1%
9 257 Aljustrel
0%
29 150 Anadia
0%
35 402 Angra do Heroísmo
0%
29 019 Benavente
0%
7 333 Borba
0%
16 710 Cabeceiras de Basto
0%
11 521 Calheta
0%
35 666 Câmara de Lobos
0%
16 684 Caminha
0%
8 456 Campo Maior
0%
23 361 Caniço
0%
9 835 Carregal do Sal
0%
24 462 Cartaxo
0%
7 693 Celorico da Beira
0%
19 944 Coruche
0%
26 997 Estarreja
0%
8 255 Ferreira do Alentejo
0%
8 619 Ferreira do Zêzere
0%
14 046 Gouveia
0%
14 994 Horta
0%
25 735 Lourinhã
0%
21 828 Machico
0%
20 428 Mealhada
0%
13 098 Miranda do Corvo
0%
9 542 Mogadouro
0%
7 493 Mondim de Basto
0%
10 585 Murtosa
0%
7 450 Nisa
0%
68 611 Oliveira de Azeméis
0%
23 028 Oliveira do Bairro
0%
20 855 Oliveira do Hospital
0%
9 198 Paredes de Coura
0%
15 251 Penacova
0%
17 131 Peso da Régua
0%
8 862 Ponta do Sol
0%
21 035 Praia da Vitória
0%
13 375 Ribeira Brava
0%
32 112 Ribeira Grande
0%
43 005 Santa Cruz
0%
7 356 Santa Marta de Penaguião
0%
7 719 Santana
0%
21 713 São João da Madeira
0%
15 623 Serpa
0%
10 156 Sobral de Monte Agraço
0%
36 717 Torres Novas
0%
22 864 Vale de Cambra
0%
9 253 Vila Nova de Cerveira
0%
13 187 Vila Pouca de Aguiar
0%
Aucun quiz correspondant
Distribution des résultats
% des personnes avec chaque résultat
Percentile par nombre de réponses
Votre historique - résultats
Vous n’avez pas pris ce quiz